000 00623cab a2200205 4500
001 WB2431-32
008 090401t1988 xxu||||| |||| 00| 0 eng d
035 _a(Sirsi) u3082
041 _aeng
245 _aLocal government finance bill
260 _c1988
350 _a0
490 _aDoE News Release
_vno 462 29 July 1988 26 pages
520 _aA layman`s summary of the main provisions of the Local Government Finance Bill which received the Royal Assent on 29 July 1988.
650 _aCOMMUNITY CHARGE
650 _aUNIFORM BUSINESS RATE
690 _aRATING AND VALUATION
942 _n0
948 _c04/03/1997
999 _c1864
_d1864